000
00312nam a22001337a 4500
008
181031b xxu||||| |||| 00| 0 eng d
020
_a
0893032468
041
_a
eng
080
_a
610
100
_a
4
101
_a
SHM
245
_a
Critical Care. Certification Practice Exams
_c
Langfitt, D.E
942
_2
udc
_c
BK
999
_c
51369
_d
51369